Capitali mondiali più vicine a Taipei - Sprint di un minuto - Statistics

Statistiche generali
  • Questo quiz è stato fatto 6 volte
  • Il punteggio medio è 13 su 20
Statistiche sulle risposte
km capitale % Corretto
2543 Bangkok
100%
1667 Hanoi
100%
1160 Manila
100%
1722 Pechino
100%
1491 Seul
100%
2105 Tokyo
100%
3829 Giacarta
83%
3250 Singapore
83%
2310 Phnom Penh
67%
1601 Pyongyang
67%
3155 Dacca
50%
3611 Kathmandu
50%
3237 Kuala Lumpur
50%
3188 Thimphu
50%
2849 Ulan Bator
50%
2308 Vientiane
50%
2348 Bandar Seri Begawan
33%
3760 Dili
33%
2395 Ngerulmud
33%
2676 Naypyidaw
17%
Nessun quiz corrispondente trovato
Distribuzione punteggi
Percentuale di utenti per punteggio
Percentile per numero di risposta
I tuoi punteggi nel tempo
Non hai fatto questo quiz